ক্রিটিক্যাল তত্ত্বচিন্তা / (Record no. 2400)
[ view plain ]
| 000 -LEADER | |
|---|---|
| fixed length control field | 00654nam a2200217 a 4500 |
| 001 - CONTROL NUMBER | |
| JCCL Control Number | 2400 |
| 003 - CONTROL NUMBER IDENTIFIER | |
| JCCL marc code | BD-JhCC |
| 005 - DATE AND TIME OF LATEST TRANSACTION | |
| control field | 20190329134006.0 |
| 008 - FIXED-LENGTH DATA ELEMENTS--GENERAL INFORMATION | |
| fixed length control field | 171101s2010 bg ||||| |||| 00| 0 ben d |
| 020 ## - INTERNATIONAL STANDARD BOOK NUMBER | |
| International Standard Book Number | 9847015601768 |
| 035 ## - SYSTEM CONTROL NUMBER | |
| system control number | (BD-JhCC)2400 |
| 040 ## - CATALOGING SOURCE | |
| Original cataloging agency | BD-JhCC |
| Modifying agency | BD-JhCC |
| 041 ## - LANGUAGE CODE | |
| Language code of Book | ben |
| 082 ## - DEWEY DECIMAL CLASSIFICATION NUMBER | |
| Classification number | 160 |
| Author mark and Year | EMR 2010 |
| 100 ## - MAIN ENTRY--PERSONAL NAME | |
| Personal name | মাসউদ, ইমরান |
| 245 ## - TITLE STATEMENT | |
| Title | ক্রিটিক্যাল তত্ত্বচিন্তা / |
| Statement of responsibility, etc | ইমরান মাসউদ |
| 260 ## - PUBLICATION, DISTRIBUTION, ETC. (IMPRINT) | |
| Place of publication, distribution, etc | ঢাকা : |
| Name of publisher, distributor, etc | মাওলা ব্রাদার্স, |
| Date of publication, distribution, etc | 2010. |
| 300 ## - PHYSICAL DESCRIPTION | |
| Pagination | 400 p. : |
| Dimensions | 21 cm. |
| 942 ## - ADDED ENTRY ELEMENTS (KOHA) | |
| Source of classification or shelving scheme | Dewey Decimal Classification |
| Koha item type | Books |
| Koha issues (borrowed), all copies | 3 |
| Source of classification or shelving scheme | Damaged status | Not for loan | Home library | Current library | Shelving location | Date of accession | Cost, normal purchase price | Total Checkouts | Full call number | Barcode | Date last seen | Date checked out | Copy number | Koha item type |
|---|---|---|---|---|---|---|---|---|---|---|---|---|---|---|
| Dewey Decimal Classification | JCC Rouf Library | JCC Rouf Library | General Stacks | 11/01/2017 | 450.00 | 3 | 160 EMR 2010 | 2782 | 02/11/2025 | 01/19/2025 | C-1 | Books |